| 000 | 00466nam a2200145 a 4500 | ||
|---|---|---|---|
| 001 | 000031539 | ||
| 005 | 20200930063012.0 | ||
| 008 | 110627s2010 dr a 000 0 spa d | ||
| 040 |
_aDO-SdBNP _bspa _cBNPHU |
||
| 110 | 1 |
_aDirección General de Impuestos Internos _957904 |
|
| 245 | 1 | 0 |
_aConstruyamos un mejor país : _bcartilla para nivel universitario. |
| 260 |
_aSanto Domingo : _bEdiciones Tributaria, _c2010. |
||
| 300 |
_a11 p. ; : _bil. ; _c18 cm. |
||
| 049 | _aBNPD | ||
| 999 |
_c31031 _d31031 |
||